Osudoví kamarádi. (Záznam č. 34195)
| 000 -Návěští | |
|---|---|
| Řídící pole kódované 24B | 01715nam a2200409 i 4500 |
| 001 - Kontrolní číslo | |
| Řídící pole proměnné | nkc20223447542 |
| 003 - Identifikátor kontrolního čísla | |
| Řídící pole proměnné | CZ PrSKC |
| 005 - Datum posledního zpracování | |
| Řídící pole 16B | 20260420090949.0 |
| 007 - Pole pevné délky pro fyzický popis | |
| Řídící pole kódované | ta |
| 008 - Údaje pevné délky | |
| Řídící pole kódované 40B | 220923s2022 xr a b 000 j cze |
| 020 ## - ISBN | |
| ISBN | 9788020460516 |
| Dostupnost | Kč 299,00 |
| 040 ## - Zdroj katalogizace-agentura | |
| Agentura původní katalogizace | ABG001 |
| Jazyk katalogizace | cze |
| Použitá pravidla popisu | rda |
| 041 1# - Kód jazyka | |
| Kód jazyka textu/zvuku, mezititulků | cze |
| Kód jazyka originálu | eng |
| 072 #7 - Kód předmětové kategorie - Konspekt | |
| Předmětová kategorie | 821.111-3 |
| Zpřesnění předmětové kategorie | Anglická próza, anglicky psaná |
| Zdroj předmětové klasifikace | Konspekt |
| 072 #7 - Kód předmětové kategorie - Konspekt | |
| Předmětová kategorie | 821-93 |
| Zpřesnění předmětové kategorie | Literatura pro děti a mládež (beletrie) |
| Zdroj předmětové klasifikace | Konspekt |
| 080 ## - MDT | |
| Klasifikační znak MDT | 821.111-32 |
| Idetifikátor vydání MDT | MRF |
| 080 ## - MDT | |
| Klasifikační znak MDT | 821-93 |
| Idetifikátor vydání MDT | MRF |
| 080 ## - MDT | |
| Klasifikační znak MDT | (0:82-32) |
| Idetifikátor vydání MDT | MRF |
| 100 1# - Hlavní záhlaví - osobní jméno autora | |
| Osobní jméno | Chapman, Linda, |
| Datumy související se jménem | 1969- |
| Kód role | aut |
| 9 (RLIN) | 14777 |
| 240 10 - Unifikovaný název | |
| Unifikovaný název | <a href="Secret spell.">Secret spell.</a> |
| Jazyk díla | Česky |
| 245 10 - Údaje o názvu | |
| Název | Osudoví kamarádi. |
| Název části/sekce díla | Tajné kouzlo / |
| Údaj o odpovědností, atd. | Linda Chapmanová ; ilustrovala Lucy Flemingová ; přeložila Šárka Dvořáková Tripesová |
| 246 30 - Variantní vázvy | |
| Hlavní název/zkrácený název | Tajné kouzlo |
| 250 ## - Údaje o vydání | |
| Označení vydání | 1. vydání |
| 264 #1 - Nakladatelské údaje | |
| Místo vydání | V Praze : |
| Nakladatel | Mladá fronta, |
| Rok vydání | 2022 |
| 300 ## - Fyzický popis | |
| Rozsah | 181 stran : |
| další fyzické údaje | ilustrace ; |
| Rozměry | 21 cm |
| 500 ## - Všeobecná poznámka | |
| Text obecné poznámky | Přeloženo z angličtiny |
| 520 2# - Anotace | |
| Anotace, atd. | Pokračování dobrodružství Majky, jejího kouzelného liščátka a dalších přátel, kteří bojují proti zlým lidem a černé magii. |
| Rozšířený text anotace | V městečku opět řádí temné síly. Kamarádky se snaží zjistit, kdo používá černou magii, jenže mezi nimi propuknou neshody. Podaří se Osudovým kamarádům najít společnou cestu a překonat všechny problémy? Nakladatelská anotace. |
| 655 #7 - Rejstříkový termín - žánr/forma | |
| Žánr/forma či základní termín | anglické příběhy |
| -- | 30 |
| 655 #7 - Rejstříkový termín - žánr/forma | |
| Žánr/forma či základní termín | publikace pro děti |
| 655 #9 - Rejstříkový termín - žánr/forma | |
| Žánr/forma či základní termín | English stories |
| -- | 31 |
| 655 #9 - Rejstříkový termín - žánr/forma | |
| Žánr/forma či základní termín | children's literature |
| 700 1# - Vedlejší záhlaví - osobní jméno autora | |
| Osobní jméno | Fleming, Lucy |
| Kód role | ill |
| 9 (RLIN) | 17548 |
| 700 1# - Vedlejší záhlaví - osobní jméno autora | |
| Osobní jméno | Dvořáková Tripesová, Šárka |
| Kód role | trl |
| 9 (RLIN) | 9864 |
| 765 0# - Záhlaví v originálním jazyce | |
| Název | Star friends |
| 910 ## - Údaje o vlastníkovi jednotky (exempláře) | |
| Sigla vlastníka jednotky | ABG508 |
| Stav ztráty | Zdroj klasifikace pro skladování | Stav poškození |
|---|---|---|
| Universal Decimal Classification |